Name the Musical from a Song - Statistics

General Stats
  • This quiz has been taken 4 times
  • The average score is 19 of 40
Answer Stats
Song Musical % Correct
Have Yourself A Merry Little Christmas Meet Me In St. Louis
100%
Oh What A Beautiful Morning Oklahoma!
100%
Something Good The Sound of Music
100%
Maybe This Time Cabaret
75%
Funny Honey Chicago
75%
And I Am Telling You I'm Not Going Dreamgirls
75%
Rose's Turn Gypsy
75%
Sherry Jersey Boys
75%
On the Street Where You Live My Fair Lady
75%
Make 'Em Laugh Singin' In the Rain
75%
Journey To The Past Anastasia
50%
Hushabye Mountain Chitty Chitty Bang Bang
50%
Waving Through A Window Dear Evan Hansen
50%
Sadie, Sadie Funny Girl
50%
There Are Worse Things I Could Do Grease
50%
If I Were a Bell Guys and Dolls
50%
Without Love Hairspray
50%
Dead Girl Walking Heathers
50%
Put On Your Sunday Clothes Hello, Dolly!
50%
Omigod You Guys Legally Blonde
50%
Honey, Honey Mamma Mia!
50%
I Believe The Book of Mormon
50%
Dancing Through Life Wicked
50%
Proud of Your Boy Aladdin
25%
Maybe Annie
25%
I'll Never Love Again A Star Is Born
25%
Michael In The Bathroom Be More Chill
25%
Raise A Little Hell Bonnie and Clyde
25%
But I Am A Good Girl Burlesque
25%
You'll Be Back Hamilton
25%
Giants in the Sky Into the Woods
25%
A Lovely Night La La Land
25%
Little Fall Of Rain Les Miserables
25%
Up All Night Melody Sweets
25%
Santa Fe Newsies
25%
Lady In The Long Black Dress Sister Act
25%
Johanna Sweeny Todd: The Demon Barber of Fleet Street
25%
Come Alive The Greatest Showman
25%
Out There The Hunchback of Notre Dame
25%
She Used to Be Mine Waitress
25%
No matching quizzes found
Score Distribution
Percent of People with Each Score
Percentile by Number Answered
Your Score History
You have not taken this quiz